[Event "Reykjavik Open 2026"]
[Site "Reykjavik ISL"]
[Date "2026.03.28"]
[Round "6.72"]
[White "Bernstein, Charles B"]
[Black "Marsh, James J"]
[Result "0-1"]
[WhiteElo "1667"]
[BlackElo "2096"]
[WhiteFideId "39970639"]
[BlackFideId "30975751"]
[EventDate "2026.03.25"]

1. e4 e5 2. Nf3 Nc6 3. Bc4 Nf6 4. d3 Be7 5. O-O O-O 6. Re1 d6 7. a4 Na5 8. Ba2
c5 9. c3 Nc6 10. Nbd2 a6 11. Nf1 Be6 12. Bxe6 fxe6 13. Qb3 Qd7 14. Ng3 h6 15. h3
Kh7 16. Be3 d5 17. Nh2 d4 18. Bd2 Bd6 19. Ng4 Rf7 20. Qd1 Raf8 21. Rf1 Ne7 22.
Nxf6+ Rxf6 23. Nh5 R6f7 24. Qg4 Ng6 25. cxd4 cxd4 26. g3 Rf3 27. Kg2 Rxd3 28.
Qe2 Rb3 29. Ba5 b5 30. axb5 Rxb5 31. Rfc1 Qb7 32. b4 Rf7 33. Qg4 Nf8 34. Qh4 Be7
35. Qg4 Bg5 36. Rc4 g6 37. h4 gxh5 38. Qxh5 Bd2 39. Rd1 Bc3 40. Qxe5 Rxe5 0-1

[Event "Reykjavik Open 2026"]
[Site "Reykjavik ISL"]
[Date "2026.03.28"]
[Round "6.73"]
[White "Kamp, Aaron"]
[Black "Daddario, Aayush"]
[Result "1-0"]
[WhiteElo "2069"]
[BlackElo "1775"]
[WhiteFideId "16231120"]
[BlackFideId "39988287"]
[EventDate "2026.03.25"]

1. e4 c6 2. c4 d5 3. cxd5 cxd5 4. exd5 Nf6 5. Qa4+ Bd7 6. Qb3 Qb6 7. Nc3 Na6 8.
Bc4 Qxb3 9. Bxb3 Nc5 10. Bc2 b5 11. d4 Nb7 12. Bg5 b4 13. Bxf6 bxc3 14. Be5 cxb2
15. Rb1 Rc8 16. Rxb2 Nd6 17. Bxd6 exd6 18. Nf3 Be7 19. O-O Bg4 20. Re1 Bxf3 21.
gxf3 Kf8 22. Rb7 Bf6 23. Rxa7 Bxd4 24. Rd7 Be5 25. Ba4 g5 26. Bc6 Kg7 27. a4 Rb8
28. Bb7 Kg6 29. Rc1 Rhd8 30. Rcc7 Rxd7 31. Rxd7 f6 32. a5 Bd4 33. a6 Bc5 34. Rc7
Ba7 35. Bc6 Bb6 36. Rd7 Bd4 37. a7 Rb1+ 38. Kg2 Rb2 39. a8=Q Rxf2+ 40. Kg3 Rd2
41. Qg8+ Kf5 42. Qxh7+ Ke5 43. Re7# 1-0

[Event "Reykjavik Open 2026"]
[Site "Reykjavik ISL"]
[Date "2026.03.28"]
[Round "6.74"]
[White "Kolka, David"]
[Black "Magzumov, Damirali"]
[Result "1/2-1/2"]
[WhiteElo "2069"]
[BlackElo "1782"]
[WhiteFideId "2308010"]
[BlackFideId "13727117"]
[EventDate "2026.03.25"]

1. e4 c5 2. Nf3 d6 3. c3 Nf6 4. h3 Nc6 5. Bd3 e5 6. O-O d5 7. Bb5 dxe4 8. Nxe5
Qc7 9. d4 exd3 10. Nxc6 bxc6 11. Bxd3 Be7 12. Bg5 O-O 13. Qc2 h6 14. Bxf6 Bxf6
15. Nd2 Qf4 16. Rfe1 Qh4 17. Re4 Qg5 18. Nf3 Qh5 19. g4 Qxh3 20. Bf1 Qxf3 21.
Bg2 Qxg4 22. Rxg4 Bxg4 23. Bxc6 Rad8 24. Qa4 h5 25. Qxa7 Rd2 26. Qxc5 Rxb2 27.
a4 Rc2 28. Re1 Rc8 29. c4 Bh4 30. Re8+ Rxe8 31. Bxe8 Bxf2+ 32. Qxf2 Rxf2 33.
Kxf2 Kf8 34. Bb5 Ke7 35. a5 Kd6 36. a6 Bc8 37. a7 Bb7 38. Be8 Ke7 39. Ba4 g5 40.
c5 Kd8 41. c6 Ba8 42. Bb3 Bxc6 43. Bxf7 h4 44. Be6 Kc7 45. Ke3 Kb6 46. Kd4 Kxa7
47. Ke3 Kb6 48. Kd4 Ka7 49. Ke5 Bf3 50. Bh3 g4 51. Kf4 gxh3 52. Kxf3 h2 53. Kg2 1/2-1/2

[Event "Reykjavik Open 2026"]
[Site "Reykjavik ISL"]
[Date "2026.03.28"]
[Round "6.75"]
[White "Dimitrijevic, Aleksandra"]
[Black "Jonsson, Thormar"]
[Result "1-0"]
[WhiteTitle "WGM"]
[WhiteElo "2063"]
[BlackElo "1719"]
[WhiteFideId "929239"]
[BlackFideId "2309327"]
[EventDate "2026.03.25"]

1. d4 f5 2. c4 e6 3. Nf3 Nf6 4. g3 b6 5. Bg2 Bb7 6. O-O d6 7. Nc3 Be7 8. Ng5
Bxg2 9. Kxg2 Qd7 10. d5 e5 11. Ne6 Kf7 12. e4 Nxe4 13. Nxe4 fxe4 14. f4 exf4 15.
Qh5+ 1-0

[Event "Reykjavik Open 2026"]
[Site "Reykjavik ISL"]
[Date "2026.03.28"]
[Round "6.77"]
[White "Oskarsson, Markus Orri"]
[Black "Bedard, Maxime"]
[Result "1-0"]
[WhiteElo "2049"]
[BlackElo "1768"]
[WhiteFideId "2320118"]
[BlackFideId "2632896"]
[EventDate "2026.03.25"]

1. d4 Nf6 2. c4 g6 3. Nc3 d5 4. Nf3 Bg7 5. Bf4 O-O 6. Rc1 c5 7. dxc5 Nh5 8. Bxb8
Rxb8 9. cxd5 Qa5 10. e4 Qxc5 11. Be2 Nf4 12. O-O Qb4 13. Qd2 Bh6 14. Kh1 Bg4 15.
Rc2 Rbc8 16. h3 Bxf3 17. Bxf3 Kg7 18. Qd1 Rc4 19. a3 Qb3 20. Rd2 Qb6 21. Qc2
Rfc8 22. Rdd1 Kg8 23. g3 Nh5 24. Be2 Rd4 25. Bxh5 gxh5 26. Rxd4 Qxd4 27. Qe2 Qc4
28. Re1 Qxe2 29. Rxe2 Bc1 30. h4 Kf8 31. Na2 a5 32. Nxc1 Rxc1+ 33. Kg2 b5 34.
Re3 a4 35. Rc3 Rd1 36. Rc8+ Kg7 37. Rc6 b4 38. Rc4 b3 39. Rxa4 Rd2 40. Ra6 Rxb2
41. Rb6 Rb1 42. Kf3 b2 43. Kf4 h6 44. a4 e6 45. dxe6 fxe6 46. Ke5 Ra1 47. Rb7+
Kg6 48. Rxb2 Rxa4 49. Rb6 Kf7 50. Rb7+ Kg6 51. f4 Ra3 52. f5+ exf5 53. exf5# 1-0

[Event "Reykjavik Open 2026"]
[Site "Reykjavik ISL"]
[Date "2026.03.28"]
[Round "6.78"]
[White "Mensing, Adrian"]
[Black "Zhu, Aiden"]
[Result "1-0"]
[WhiteElo "2044"]
[BlackElo "1651"]
[WhiteFideId "1043293"]
[BlackFideId "2654288"]
[EventDate "2026.03.25"]

1. e4 e5 2. d4 exd4 3. Nf3 Bb4+ 4. c3 dxc3 5. Nxc3 Nc6 6. Bc4 d6 7. Ng5 Bxc3+ 8.
bxc3 Ne5 9. Bb3 h6 10. f4 hxg5 11. fxe5 Qe7 12. exd6 Qxe4+ 13. Qe2 Qxe2+ 14.
Kxe2 cxd6 15. Bxg5 Be6 16. Ba4+ Bd7 17. Bc2 f6 18. Bf4 O-O-O 19. a4 Ne7 20. a5
Nd5 21. Bd2 Rde8+ 22. Kf2 Bb5 23. Bd1 Re5 24. c4 Bxc4 25. Rc1 b5 26. axb6 Nxb6
27. Bf4 Ra5 28. Bxd6 Kd7 29. Bf4 Ra2+ 30. Kg3 Ra3+ 31. Bf3 g5 32. Rhd1+ Ke6 33.
Bc7 Bd5 34. Re1+ Kd7 35. Bxb6 axb6 36. Rcd1 Kc6 37. Re6+ Kd7 38. Rxb6 Kc7 39.
Rxf6 Bxf3 40. Rxf3 Ra4 41. Rc3+ Kb7 42. Rb1+ Ka7 43. Rbb3 Rhh4 44. h3 Rhd4 45.
Rc5 g4 46. h4 Rd2 47. Rcc3 Re4 48. Re3 Rc4 49. Ra3+ Kb6 50. Reb3+ Kc5 51. Rc3
Rxc3+ 52. Rxc3+ Kd4 53. Rc8 Ke5 54. Rf8 Rc2 55. h5 Rb2 56. h6 Rb7 57. Kxg4 Re7
58. Kg5 Kd6 59. Kg6 Re6+ 60. Rf6 Rxf6+ 61. Kxf6 1-0

[Event "Reykjavik Open 2026"]
[Site "Reykjavik ISL"]
[Date "2026.03.28"]
[Round "6.79"]
[White "Leosson, Haukur Vidis"]
[Black "Roubalik, Jakub"]
[Result "0-1"]
[BlackTitle "IM"]
[WhiteElo "1893"]
[BlackElo "2316"]
[WhiteFideId "2325780"]
[BlackFideId "322237"]
[EventDate "2026.03.25"]

1. d4 d5 2. c4 e6 3. Nf3 Nf6 4. g3 Be7 5. Bg2 O-O 6. Nc3 c6 7. O-O Nbd7 8. b3 b6
9. Bb2 Bb7 10. Rc1 Rc8 11. Ne1 Ba6 12. cxd5 cxd5 13. Nd3 Bd6 14. Re1 Qe7 15. Qd2
h6 16. Nf4 Rc7 17. e4 dxe4 18. Nxe4 Rxc1 19. Rxc1 Nxe4 20. Bxe4 Nf6 21. Bg2 Rd8
22. Qe3 Bb7 23. Bxb7 Qxb7 24. Rd1 Bxf4 25. Qxf4 Nd5 26. Qg4 Qa6 27. Bc1 Kf8 28.
a3 Qb5 29. Bf4 Qxb3 30. Re1 Qc3 31. Rc1 Qxa3 32. Qh4 Qe7 33. Qg4 Nxf4 34. Qxf4
Qd6 35. Qf3 Qxd4 36. Qa3+ Kg8 37. Qxa7 b5 38. Qe7 Qd7 39. Qc5 Qd5 40. Qe7 Ra8
41. Qb4 Ra2 42. h4 Rd2 43. Qb1 Qd3 44. Qxd3 Rxd3 45. Rb1 Rd5 46. Kf1 Kf8 47. Ke2
Ke7 48. Ke3 Kd6 49. Ra1 Kc6 50. Ra6+ Kb7 51. Ra3 h5 52. Ra1 Kb6 53. Rb1 Re5+ 54.
Kd3 Rf5 55. Rb2 Kc5 56. Rc2+ Kb4 57. f4 Rc5 58. Rb2+ Ka3 59. Rb1 b4 60. Ra1+ Kb2
61. Ra7 b3 62. Rxf7 Kc1 63. Kd4 Rd5+ 64. Ke4 Rb5 65. Rc7+ Kd2 66. Rd7+ Ke1 67.
Rd3 b2 68. Re3+ Kf2 69. Rf3+ Kg2 0-1

[Event "Reykjavik Open 2026"]
[Site "Reykjavik ISL"]
[Date "2026.03.28"]
[Round "6.80"]
[White "Unuk, Laura"]
[Black "Laureano, Dereck"]
[Result "1-0"]
[WhiteTitle "IM"]
[WhiteElo "2314"]
[BlackElo "1891"]
[WhiteFideId "14609215"]
[BlackFideId "2076926"]
[EventDate "2026.03.25"]

1. d4 d5 2. Nf3 e6 3. g3 c5 4. Bg2 Nf6 5. O-O cxd4 6. b3 Nc6 7. Nxd4 Bc5 8. Nxc6
bxc6 9. Bb2 O-O 10. Nd2 Qe7 11. c4 a5 12. Qc2 Bb7 13. Nf3 Rfc8 14. Rad1 a4 15.
Ne5 axb3 16. axb3 Ra2 17. Ra1 Rca8 18. Rxa2 Rxa2 19. Nd3 Bd4 20. Qb1 Rxb2 21.
Nxb2 h5 22. e3 Bb6 23. Na4 Ba7 24. cxd5 cxd5 25. b4 h4 26. b5 hxg3 27. hxg3 Ng4
28. b6 Bb8 29. Qd3 Qg5 30. Nc5 Qh5 31. Rc1 1-0

[Event "Reykjavik Open 2026"]
[Site "Reykjavik ISL"]
[Date "2026.03.28"]
[Round "6.81"]
[White "Vemparala, Nikash"]
[Black "Spagnoli, Benjamin"]
[Result "1-0"]
[WhiteTitle "CM"]
[WhiteElo "2201"]
[BlackElo "1890"]
[WhiteFideId "30960967"]
[BlackFideId "20667116"]
[EventDate "2026.03.25"]

1. c4 Nf6 2. g3 e6 3. Bg2 d5 4. Nf3 Be7 5. O-O O-O 6. d3 c5 7. Ne5 Nc6 8. Nxc6
bxc6 9. e4 e5 10. exd5 cxd5 11. Re1 Qd6 12. Nc3 Be6 13. Qe2 Rad8 14. cxd5 Nxd5
15. Nxd5 Bxd5 16. Qxe5 Bf6 17. Qxd6 Rxd6 18. Be3 Bd4 19. Bxd4 cxd4 20. Bxd5 Rxd5
21. Rac1 a5 22. Rc7 g6 23. Ree7 Kg7 24. b3 Kf6 25. Rcd7 Rc5 26. Re2 Rfc8 27.
Rxd4 Rc2 28. Rxc2 Rxc2 29. Ra4 Rc5 30. Rc4 Rd5 31. d4 Rd6 32. Kg2 Ke6 33. Kf3 f5
34. Ke3 h5 35. h4 Kd7 36. Ra4 Ra6 37. Kf4 Ke6 38. b4 Rb6 39. bxa5 Ra6 40. Kg5
Kf7 41. f3 Kg7 42. Rb4 1-0

[Event "Reykjavik Open 2026"]
[Site "Reykjavik ISL"]
[Date "2026.03.28"]
[Round "6.82"]
[White "Bajnath, Dhanesh"]
[Black "Burg, Brent"]
[Result "0-1"]
[WhiteElo "1889"]
[BlackElo "2169"]
[WhiteFideId "40104842"]
[BlackFideId "1019465"]
[EventDate "2026.03.25"]

1. e4 d6 2. d4 Nf6 3. Nc3 Nbd7 4. Nf3 e5 5. a4 Be7 6. a5 O-O 7. Be2 Re8 8. O-O
c6 9. Re1 Qc7 10. h3 Bf8 11. Bf1 Rb8 12. Bg5 h6 13. Bh4 b5 14. Bg3 a6 15. Qd2
Bb7 16. dxe5 dxe5 17. Nd4 Rbd8 18. Nf3 Nc5 19. Qe3 Ncd7 20. Bd3 Bb4 21. Rad1 Bc5
22. Qe2 Qxa5 23. Nh2 Qb4 24. Rb1 Bf8 25. Nd1 Nc5 26. c3 Qb3 27. Bc2 Qe6 28. b4
Ncd7 29. Bb3 Qd6 30. f3 Nh5 31. Bf2 Nf4 32. Qe3 Qg6 33. g4 Nxh3+ 34. Kf1 c5 35.
Bh4 Rc8 36. Ba2 cxb4 37. cxb4 Rc2 38. Re2 Rec8 39. Rb2 Rxe2 40. Qxe2 Qb6 41. Bf2
Nxf2 42. Nxf2 Be7 43. Nd3 Qd4 44. Kg2 Nb6 45. Nf1 Na4 46. Rc2 Nc3 47. Qd2 Bg5
48. f4 Bxe4+ 49. Kh3 Bxd3 50. fxg5 Bxf1+ 51. Kh2 Be2 52. Qe1 Qf4+ 53. Kg2 Qe4+
54. Kg3 Qxc2 55. Bxf7+ Kxf7 56. Qf2+ Kg8 0-1

[Event "Reykjavik Open 2026"]
[Site "Reykjavik ISL"]
[Date "2026.03.28"]
[Round "6.83"]
[White "Puffaldt, Yorik"]
[Black "Zhang, Xiao"]
[Result "0-1"]
[BlackTitle "WIM"]
[WhiteElo "1877"]
[BlackElo "2164"]
[WhiteFideId "34634444"]
[BlackFideId "8610894"]
[EventDate "2026.03.25"]

1. e4 c6 2. d4 d5 3. f3 Qb6 4. Nc3 dxe4 5. Bc4 e5 6. dxe5 Bb4 7. fxe4 Qc5 8. Qd3
Bg4 9. h3 Bh5 10. g4 Bg6 11. Bg5 Ne7 12. O-O-O O-O 13. Nf3 Na6 14. h4 Bxc3 15.
bxc3 h6 16. h5 Bh7 17. Be3 Qa3+ 18. Kb1 Nd5 19. Bxd5 cxd5 20. Qxd5 Qxc3 21. Qd4
Rac8 22. Rh2 Nb4 23. Qxc3 Rxc3 24. Re2 Nxc2 25. Bd4 Na3+ 26. Ka1 Rxf3 27. Bc5
Rc8 28. Red2 Bxe4 0-1

[Event "Reykjavik Open 2026"]
[Site "Reykjavik ISL"]
[Date "2026.03.28"]
[Round "6.84"]
[White "Pagan, Jonathan"]
[Black "Ekam Singh"]
[Result "1-0"]
[WhiteElo "2159"]
[BlackElo "1875"]
[WhiteFideId "30903017"]
[BlackFideId "33334234"]
[EventDate "2026.03.25"]

1. e4 c5 2. Nf3 d6 3. d4 cxd4 4. Nxd4 Nf6 5. Nc3 a6 6. Be2 e5 7. Nb3 Be7 8. Be3
Be6 9. O-O Nc6 10. Nd5 Bxd5 11. exd5 Nb8 12. Qd2 Nbd7 13. Na5 Qc7 14. c4 Ne4 15.
Qc2 O-O 16. b4 f5 17. Bd3 Ndf6 18. Kh1 f4 19. Bxe4 fxe3 20. fxe3 Qb6 21. Rab1
Qxe3 22. Bf5 Rab8 23. Rf3 Qd4 24. Rd1 Qb6 25. a3 e4 26. Rff1 g6 27. Be6+ Kg7 28.
Qc3 h6 29. Rf4 Kh7 30. Rdf1 Nh5 31. Rf7+ 1-0

[Event "Reykjavik Open 2026"]
[Site "Reykjavik ISL"]
[Date "2026.03.28"]
[Round "6.85"]
[White "Jorgensen, Peter"]
[Black "Jonsson, Gauti Pall"]
[Result "0-1"]
[WhiteElo "1862"]
[BlackElo "2154"]
[WhiteFideId "1482556"]
[BlackFideId "2309092"]
[EventDate "2026.03.25"]

1. e4 e5 2. Nc3 Nf6 3. Nf3 Nc6 4. Nd5 Bc5 5. d3 h6 6. Be2 d6 7. O-O Nxd5 8. exd5
Ne7 9. d4 exd4 10. Nxd4 O-O 11. c4 Nf5 12. Nxf5 Bxf5 13. Bd3 Qf6 14. Bxf5 Qxf5
15. Be3 Bxe3 16. fxe3 Qe4 17. Qf3 Rae8 18. Qxe4 Rxe4 19. Rac1 Rxe3 20. Rfe1 Rfe8
21. Rxe3 Rxe3 22. Kf2 Re5 23. Rc2 a5 24. a4 Kf8 25. Kf3 Ke7 26. b4 axb4 27. Rb2
c5 28. dxc6 bxc6 29. Rxb4 Ra5 30. c5 dxc5 31. Rc4 Kd6 32. Ke3 Kd5 33. Kd3 Ra7
34. h4 g5 35. hxg5 hxg5 36. Rg4 f6 37. Kc3 Re7 38. a5 Re3+ 39. Kb2 c4 40. a6
Rb3+ 0-1

[Event "Reykjavik Open 2026"]
[Site "Reykjavik ISL"]
[Date "2026.03.28"]
[Round "6.86"]
[White "Liang, Hairan"]
[Black "Pollitt, Henry"]
[Result "1-0"]
[WhiteTitle "CM"]
[WhiteElo "2150"]
[BlackElo "1864"]
[WhiteFideId "2620278"]
[BlackFideId "2644916"]
[EventDate "2026.03.25"]

1. e4 c5 2. Nf3 Nc6 3. d4 cxd4 4. Nxd4 g6 5. c4 Nf6 6. Nc3 d6 7. Be2 Nxd4 8.
Qxd4 Bg7 9. Be3 O-O 10. Qd2 Be6 11. Rc1 Rc8 12. b3 Qa5 13. f3 a6 14. Na4 Qxd2+
15. Kxd2 Nd7 16. g4 f5 17. gxf5 gxf5 18. Rhg1 Kh8 19. Nc3 fxe4 20. fxe4 Nc5 21.
Rxg7 Kxg7 22. Rg1+ Bg4 23. Bxg4 Rb8 24. b4 1-0

[Event "Reykjavik Open 2026"]
[Site "Reykjavik ISL"]
[Date "2026.03.28"]
[Round "6.87"]
[White "Meeuwissen, Morris"]
[Black "Kamp, Adrian"]
[Result "0-1"]
[WhiteElo "1857"]
[BlackElo "2136"]
[WhiteFideId "40107418"]
[BlackFideId "16222466"]
[EventDate "2026.03.25"]

1. Nf3 Nf6 2. c4 e6 3. Nc3 d5 4. e3 Bd6 5. Qc2 O-O 6. Be2 dxc4 7. Bxc4 a6 8. d4
Nc6 9. O-O b5 10. Be2 Bb7 11. Rd1 Nb4 12. Qb1 Nbd5 13. Nxd5 exd5 14. Bd2 Ne4 15.
Be1 Qe7 16. Qd3 f5 17. Nd2 f4 18. exf4 Bxf4 19. Nf1 Rae8 20. Bg4 Qg5 21. f3 Nf6
22. h4 Qh6 23. Bh3 Nh5 24. a4 Be3+ 25. Nxe3 Rxe3 26. Qd2 Nf4 27. Bg4 Re2 28. Qc1
Rxg2+ 29. Kh1 Rg1+ 30. Kxg1 Ne2+ 31. Kg2 Nxc1 32. Raxc1 Bc8 33. Bg3 Bxg4 34.
fxg4 Qe3 35. Kh3 Rf3 36. Rg1 Rxg3+ 0-1

[Event "Reykjavik Open 2026"]
[Site "Reykjavik ISL"]
[Date "2026.03.28"]
[Round "6.88"]
[White "Acevedo Mendez, Lisseth"]
[Black "Hammari, Vinjar"]
[Result "0-1"]
[WhiteTitle "WIM"]
[BlackTitle "FM"]
[WhiteElo "1855"]
[BlackElo "2135"]
[WhiteFideId "6502938"]
[BlackFideId "1552007"]
[EventDate "2026.03.25"]

1. d4 d5 2. Bf4 c5 3. e3 Nc6 4. Nf3 cxd4 5. exd4 Bg4 6. Bb5 f6 7. h3 Bh5 8. O-O
e6 9. Qe2 Bf7 10. Nbd2 Bd6 11. Bxd6 Qxd6 12. c4 Ne7 13. cxd5 Nxd5 14. Ne4 Qe7
15. Bxc6+ bxc6 16. Rac1 O-O 17. Rxc6 Nb4 18. Rc5 a5 19. a3 Nd5 20. Rfc1 Bg6 21.
g3 Bf5 22. Kh2 Rfb8 23. Ned2 Qd7 24. b3 h6 25. Nh4 Bh7 26. Re1 Rb6 27. Qf3 Raa6
28. Qe2 Qd6 29. Rec1 Qd7 30. Ng2 Ne7 31. Qc4 Bg6 32. Rc7 Qd8 33. Qc5 Nf5 34. Nf3
Rd6 35. Nf4 Bf7 36. Qb5 Qf8 37. Qb7 Rd8 38. Qe4 Nd6 39. Qe2 Qe8 40. Re1 Rb8 41.
Rc3 Nb5 42. Re3 Nc7 43. Qc2 Qd7 44. Qc5 Rb5 45. Qc2 g5 46. Ng2 Nd5 47. R3e2 Rc6
48. Qd2 Rc3 49. Ne3 Rcxb3 50. Nxd5 Qxd5 51. Qc2 Rxf3 52. Kg1 Rbb3 53. Rc1 Qf5 0-1

[Event "Reykjavik Open 2026"]
[Site "Reykjavik ISL"]
[Date "2026.03.28"]
[Round "6.89"]
[White "Klasinc, Kristjan"]
[Black "Lilliehook, Victor"]
[Result "0-1"]
[WhiteElo "1853"]
[BlackElo "2128"]
[WhiteFideId "12966460"]
[BlackFideId "1752103"]
[EventDate "2026.03.25"]

1. e4 c5 2. Nf3 Nc6 3. d3 e6 4. g3 Bd6 5. Bg2 Nge7 6. O-O Bc7 7. Re1 O-O 8. h4
d5 9. Qe2 e5 10. exd5 Nxd5 11. Na3 Bg4 12. Qf1 Re8 13. Ng5 f5 14. f3 Bh5 15. g4
Bg6 16. h5 f4 17. hxg6 Qxg5 18. gxh7+ Kxh7 19. Kf2 Nf6 20. Bd2 Rad8 21. Bc3 a6
22. Nb1 b5 23. b3 Nd5 24. Bd2 Nd4 25. Na3 Qh4+ 26. Kg1 c4 27. c3 Bb6 0-1

[Event "Reykjavik Open 2026"]
[Site "Reykjavik ISL"]
[Date "2026.03.28"]
[Round "6.90"]
[White "Hauksdottir, Hrund"]
[Black "Harish, Neeraj"]
[Result "0-1"]
[BlackTitle "CM"]
[WhiteElo "1830"]
[BlackElo "2121"]
[WhiteFideId "2302608"]
[BlackFideId "30958130"]
[EventDate "2026.03.25"]

1. e4 c5 2. Nf3 e6 3. d4 cxd4 4. Nxd4 Nf6 5. Nc3 Nc6 6. Be3 Bb4 7. f3 d5 8. Nxc6
bxc6 9. e5 Nd7 10. f4 O-O 11. Bd3 Nc5 12. O-O d4 13. Bxh7+ Kxh7 14. Bxd4 g6 15.
a3 Bxc3 16. Bxc5 Bxb2 17. Rb1 Bc3 18. Rf3 Ba5 19. Qxd8 Rxd8 20. Rh3+ Kg7 21. Be7
Rg8 22. Bf6+ Kf8 23. Rd3 Ba6 24. Rd7 Bb6+ 25. Kh1 Re8 26. Rbd1 Bc8 27. R7d6 Bc5
28. Rxc6 Be7 29. Rc7 Bxf6 30. exf6 g5 31. Rd6 e5 32. fxe5 Be6 33. Rxa7 g4 34.
Rc7 Rg5 35. Rc5 Rf5 36. Kg1 Rb8 37. Rb5 Rc8 38. Rc5 Rb8 39. Rb5 Re8 40. Rc5 Kg8
41. Rd4 Rh5 42. a4 Rb8 43. a5 Rb1+ 44. Kf2 Rxh2 45. a6 Ra1 46. Rd8+ Kh7 47. Rd6
Rhh1 48. Rc7 Rhf1+ 49. Ke2 Rfe1+ 50. Kf2 Rxe5 51. a7 Kg6 52. Rb6 Rea5 53. Rbb7
Bd5 54. Rb4 Be6 55. Rbb7 Kxf6 56. c3 R1a2+ 57. Kg3 Bd5 58. Rb6+ Kg5 0-1

[Event "Reykjavik Open 2026"]
[Site "Reykjavik ISL"]
[Date "2026.03.28"]
[Round "6.91"]
[White "Cogelja, Mihovil Niko"]
[Black "Baert, Andy"]
[Result "0-1"]
[BlackTitle "FM"]
[WhiteElo "1829"]
[BlackElo "2117"]
[WhiteFideId "2528304"]
[BlackFideId "200107"]
[EventDate "2026.03.25"]

1. c4 e6 2. Nf3 d5 3. b3 Nf6 4. Bb2 Be7 5. e3 O-O 6. Be2 b6 7. O-O Bb7 8. Nc3
Nbd7 9. d4 c5 10. Rc1 Rc8 11. Ne5 cxd4 12. Qxd4 Bc5 13. Qf4 Nxe5 14. Qxe5 d4 15.
exd4 Bxd4 16. Qg3 e5 17. Rcd1 Qe7 18. Bc1 Rfe8 19. Nb5 Ne4 20. Qg4 f5 21. Qh3
Bc5 22. Bf3 a6 23. Bxe4 Bxe4 24. Nc3 Bc6 25. Qxf5 Rf8 26. Qg4 Rcd8 27. Bg5 Rxd1
28. Nxd1 Qf7 29. Be3 h5 30. Qg5 Bd4 31. Qh4 Qg6 32. Qg3 Qe4 33. Bh6 Rf7 34. Bg5
h4 35. Qh3 Rf5 36. Be3 g5 37. f3 Bxe3+ 38. Kh1 Bd4 39. g3 Rxf3 0-1

[Event "Reykjavik Open 2026"]
[Site "Reykjavik ISL"]
[Date "2026.03.28"]
[Round "6.92"]
[White "Bombek, Peter"]
[Black "Lekoudis, George"]
[Result "1-0"]
[WhiteTitle "FM"]
[WhiteElo "2112"]
[BlackElo "1814"]
[WhiteFideId "14902230"]
[BlackFideId "484679"]
[EventDate "2026.03.25"]

1. e4 c5 2. c3 d5 3. exd5 Qxd5 4. d4 Nc6 5. Nf3 cxd4 6. cxd4 e6 7. Nc3 Bb4 8.
Bd3 Nf6 9. O-O Qd8 10. a3 Be7 11. b4 a6 12. Bb2 O-O 13. Rc1 g6 14. Ne4 Bd7 15.
Nc5 Rb8 16. Rc2 a5 17. b5 Na7 18. a4 b6 19. Ne4 Nd5 20. Ne5 Rc8 21. Qf3 f6 22.
Rxc8 Qxc8 23. Nc4 Qb8 24. g3 Nc8 25. h4 Nd6 26. h5 Kg7 27. Nexd6 Bxd6 28. Re1
Bb4 29. Re2 Rc8 30. Rc2 Be7 31. Ne3 Rxc2 32. Bxc2 Nb4 33. Bb1 Qc7 34. hxg6 hxg6
35. Ng4 Nd5 36. Qh1 Be8 37. Qh6+ Kg8 38. Bxg6 Bf8 39. Qh5 Bxg6 40. Qxg6+ Bg7 41.
Qe8+ Kh7 42. Qxe6 Qc4 43. Kh2 Qb3 44. Qf5+ Kh8 45. Bc1 Ne7 46. Qh5+ Kg8 47. Qe8+
Bf8 48. Nxf6+ Kg7 49. Nd7 Ng6 50. Nxf8 Nxf8 51. Qe7+ Kg8 52. Bh6 Ne6 53. Qf6 Qd5
54. Qg6+ Kh8 55. Be3 Ng7 56. Qg5 Nf5 57. Qh5+ Kg8 58. Qg5+ Kh8 59. Bf4 Qf7 60.
g4 Qh7+ 61. Kg1 Ng7 62. Be5 Qb1+ 63. Kh2 Qh7+ 64. Kg3 Qd3+ 65. f3 1-0

[Event "Reykjavik Open 2026"]
[Site "Reykjavik ISL"]
[Date "2026.03.28"]
[Round "6.93"]
[White "Karason, Askell O"]
[Black "Arnalds, Stefan"]
[Result "1-0"]
[WhiteTitle "IM"]
[WhiteElo "2109"]
[BlackElo "1809"]
[WhiteFideId "2300567"]
[BlackFideId "2304821"]
[EventDate "2026.03.25"]

1. c4 Nf6 2. Nc3 e6 3. e4 d5 4. e5 d4 5. exf6 dxc3 6. bxc3 Qxf6 7. Nf3 h6 8. d4
c6 9. Bd3 Bd6 10. O-O Nd7 11. Re1 O-O 12. Qe2 Rd8 13. Nd2 Qe7 14. Ne4 Bc7 15. a4
f5 16. Ng3 Bxg3 17. hxg3 Nf6 18. Bxf5 Re8 19. Bg6 Rd8 20. a5 1-0

[Event "Reykjavik Open 2026"]
[Site "Reykjavik ISL"]
[Date "2026.03.28"]
[Round "6.94"]
[White "Otto, Michael"]
[Black "Rutkowski, Feliks"]
[Result "0-1"]
[WhiteElo "1827"]
[BlackElo "2103"]
[WhiteFideId "24617822"]
[BlackFideId "21064920"]
[EventDate "2026.03.25"]

1. e4 c5 2. Nc3 Nc6 3. g3 g6 4. Bg2 Bg7 5. Nge2 e6 6. d3 Nge7 7. O-O O-O 8. Be3
Nd4 9. Qd2 Rb8 10. Nd1 b5 11. c3 Nxe2+ 12. Qxe2 d6 13. d4 cxd4 14. Bxd4 Bxd4 15.
cxd4 Nc6 16. Qd2 Qb6 17. d5 exd5 18. exd5 Ne5 19. Qe3 Qxe3 20. Nxe3 Bb7 21. b3
b4 22. f4 Nd3 23. Rfd1 Nc5 24. Nc4 Rfd8 25. Rac1 Rbc8 26. Na5 f5 27. Rc4 Ba6 28.
Rxb4 Nd3 29. Rd4 Rc2 30. Bf1 Re8 31. Nc4 Ne1 32. Nd2 Rxa2 33. Bxa6 Rxa6 34. Rc1
Ra2 35. Kf1 Nc2 36. Rd3 Ne3+ 37. Kg1 Ng4 38. h3 Re3 39. Rxe3 Nxe3 40. Nc4 Rg2+
41. Kh1 Rxg3 42. Rc3 Rxh3+ 43. Kg1 Rg3+ 44. Kh2 Nf1+ 0-1

[Event "Reykjavik Open 2026"]
[Site "Reykjavik ISL"]
[Date "2026.03.28"]
[Round "6.95"]
[White "Skarphedinsson, Ingvar Wu"]
[Black "Sakinis, Rimandas"]
[Result "1/2-1/2"]
[WhiteElo "2099"]
[BlackElo "1804"]
[WhiteFideId "2316943"]
[BlackFideId "12864749"]
[EventDate "2026.03.25"]

1. d4 Nf6 2. c4 d6 3. Nc3 c6 4. e4 e5 5. Nf3 Bg4 6. Be2 Nbd7 7. Be3 Be7 8. O-O
O-O 9. h3 Bh5 10. Qc2 Qc7 11. Nh4 Bxe2 12. Nxe2 Rfe8 13. Nf5 Nf8 14. Rac1 Ne6
15. d5 Nc5 16. Bxc5 dxc5 17. Nxe7+ Qxe7 18. dxc6 bxc6 19. Rfd1 Red8 20. Nc3 Rd4
21. Qa4 Qb7 22. b3 Rad8 23. Re1 Nh5 24. Qa3 Nf4 25. Ne2 Nd3 26. Nxd4 cxd4 27.
Red1 Nxc1 28. Rxc1 f6 29. Qc5 Kf7 30. Qa3 Rd7 31. b4 c5 32. b5 Qxe4 33. Qxc5 d3
34. Qb4 d2 35. Rd1 Qe2 36. Qb3 Qd3 37. c5+ Qxb3 38. axb3 Rd5 39. b6 axb6 40.
cxb6 Rd3 41. g3 Rxb3 42. Rxd2 Rxb6 43. Rd7+ Kg6 44. Re7 1/2-1/2